| 000 | 00340nam a2200133Ia 4500 | ||
|---|---|---|---|
| 008 | 240624s9999 xx 000 0 und d | ||
| 041 | _aeng | ||
| 082 | _a158.72 WAR | ||
| 100 | _aCRANWELL WARD JANE | ||
| 245 | _aORGANIZATIONAL STRESS | ||
| 260 |
_c2005 _aNew York _bPalgrave Macmillan |
||
| 300 | _axiv, 274 p.; 24 cm. | ||
| 365 |
_cERU _b38 |
||
| 999 |
_c29124 _d29124 |
||